000 00683cam a2200253 a 4500
001 2433025
005 20180214074515.0
008 870306s1983 enka b 001 0 eng c
010 _a 87672391
020 _a0416747604
020 _a0416747701 (pbk.)
040 _aMH
_cMH
_dDLC
041 1 _aengfre
043 _ae-ur---
080 _a316 KER
082 _a316 KER
100 1 _a50
101 _aSOC
240 1 0 _aSociété soviétique contemporaine.
_lEnglish
245 1 0 _aModern Soviet society /
_cBasile Kerblay ; translated by Rupert Sawyer.
504 _aBibliography: p. [307]-311.
906 _a7
_bcbc
_corignew
_du
_encip
_f19
_gy-gencatlg
942 _2ddc
_cBK
999 _c42511
_d42511